000 00399nam a2200169Ia 4500
008 221030s9999 xx 000 0 und d
020 _a8176295019
041 _aEnglish
082 _a105.23
_bShi
100 _aS. Shirur
245 0 _aCreativity In Management
260 _bDeep & Deep Pub
_aNew Delhi
_c2004
300 _a174
650 _aManagement
700 _aN. U. K. Sherwani
942 _cBK
999 _c523
_d523